RuPaul's Drag Race Queens by Photo - Statistics

General Stats
  • This quiz has been taken 3,006 times
    85 since last reset
  • The average score is 131 of 200
Answer Stats
Picture Hint Answer % Correct
๐Ÿ‡บ๐Ÿ‡ธ Season 8 ๐Ÿ‡บ๐Ÿ‡ธ Bob The Drag Queen
83%
๐Ÿ‡บ๐Ÿ‡ธ Season 2 ๐Ÿ‡บ๐Ÿ‡ธ Nicole Paige Brooks
83%
๐Ÿ‡บ๐Ÿ‡ธ Season 5 ๐Ÿ‡บ๐Ÿ‡ธ Detox
81%
๐Ÿ‡บ๐Ÿ‡ธ Season 5 ๐Ÿ‡บ๐Ÿ‡ธ Alaska
80%
๐Ÿ‡บ๐Ÿ‡ธ Season 5 ๐Ÿ‡บ๐Ÿ‡ธ Alyssa Edwards
80%
๐Ÿ‡บ๐Ÿ‡ธ Season 14 ๐Ÿ‡บ๐Ÿ‡ธ Maddy Morphosis
80%
๐Ÿ‡บ๐Ÿ‡ธ Season 1 ๐Ÿ‡บ๐Ÿ‡ธ Ongina
80%
๐Ÿ‡บ๐Ÿ‡ธ Season 18 ๐Ÿ‡บ๐Ÿ‡ธ Darlene Mitchell
79%
๐Ÿ‡บ๐Ÿ‡ธ Season 7 ๐Ÿ‡บ๐Ÿ‡ธ Ginger Minj
79%
๐Ÿ‡บ๐Ÿ‡ธ Season 6 ๐Ÿ‡บ๐Ÿ‡ธ Bianca Del Rio
78%
๐Ÿ‡บ๐Ÿ‡ธ Season 18 ๐Ÿ‡บ๐Ÿ‡ธ Discord Addams
78%
๐Ÿ‡บ๐Ÿ‡ธ Season 12 ๐Ÿ‡บ๐Ÿ‡ธ Gigi Goode
78%
๐Ÿ‡บ๐Ÿ‡ธ Season 13 ๐Ÿ‡บ๐Ÿ‡ธ Kandy Muse
78%
๐Ÿ‡บ๐Ÿ‡ธ Season 8 ๐Ÿ‡บ๐Ÿ‡ธ Kim Chi
78%
๐Ÿ‡บ๐Ÿ‡ธ Season 15 ๐Ÿ‡บ๐Ÿ‡ธ Spice
78%
๐Ÿ‡บ๐Ÿ‡ธ Season 7 ๐Ÿ‡บ๐Ÿ‡ธ Trixie Mattel
78%
๐Ÿ‡บ๐Ÿ‡ธ Season 6 ๐Ÿ‡บ๐Ÿ‡ธ BenDeLaCreme
77%
๐Ÿ‡บ๐Ÿ‡ธ Season 14 ๐Ÿ‡บ๐Ÿ‡ธ Bosco
77%
๐Ÿ‡บ๐Ÿ‡ธ Season 18 ๐Ÿ‡บ๐Ÿ‡ธ DD Fuego
77%
๐Ÿ‡บ๐Ÿ‡ธ Season 14 ๐Ÿ‡บ๐Ÿ‡ธ Jorgeous
77%
๐Ÿ‡บ๐Ÿ‡ธ Season 14 ๐Ÿ‡บ๐Ÿ‡ธ Willow Pill
77%
๐Ÿ‡บ๐Ÿ‡ธ Season 15 ๐Ÿ‡บ๐Ÿ‡ธ Anetra
76%
๐Ÿ‡บ๐Ÿ‡ธ Season 5 ๐Ÿ‡บ๐Ÿ‡ธ Coco Montrese
76%
๐Ÿ‡บ๐Ÿ‡ธ Season 6 ๐Ÿ‡บ๐Ÿ‡ธ Darienne Lake
76%
๐Ÿ‡บ๐Ÿ‡ธ Season 13 ๐Ÿ‡บ๐Ÿ‡ธ Gottmik
76%
๐Ÿ‡บ๐Ÿ‡ธ Season 5 ๐Ÿ‡บ๐Ÿ‡ธ Jinkx Monsoon
76%
๐Ÿ‡บ๐Ÿ‡ธ Season 7 ๐Ÿ‡บ๐Ÿ‡ธ Katya
76%
๐Ÿ‡บ๐Ÿ‡ธ Season 2 ๐Ÿ‡บ๐Ÿ‡ธ Morgan McMichaels
76%
๐Ÿ‡บ๐Ÿ‡ธ Season 7 ๐Ÿ‡บ๐Ÿ‡ธ Violet Chachki
76%
๐Ÿ‡บ๐Ÿ‡ธ Season 6 ๐Ÿ‡บ๐Ÿ‡ธ Vivacious
76%
๐Ÿ‡บ๐Ÿ‡ธ Season 2 ๐Ÿ‡บ๐Ÿ‡ธ Jujubee
75%
๐Ÿ‡บ๐Ÿ‡ธ Season 3 ๐Ÿ‡บ๐Ÿ‡ธ Manila Luzon
75%
๐Ÿ‡บ๐Ÿ‡ธ Season 18 ๐Ÿ‡บ๐Ÿ‡ธ Mia Starr
75%
๐Ÿ‡บ๐Ÿ‡ธ Season 8 ๐Ÿ‡บ๐Ÿ‡ธ Naomi Smalls
75%
๐Ÿ‡บ๐Ÿ‡ธ Season 3 ๐Ÿ‡บ๐Ÿ‡ธ Raja
75%
๐Ÿ‡บ๐Ÿ‡ธ Season 5 ๐Ÿ‡บ๐Ÿ‡ธ Roxxxy Andrews
75%
๐Ÿ‡บ๐Ÿ‡ธ Season 17 ๐Ÿ‡บ๐Ÿ‡ธ Sam Star
75%
๐Ÿ‡บ๐Ÿ‡ธ Season 9 ๐Ÿ‡บ๐Ÿ‡ธ Aja
74%
๐Ÿ‡บ๐Ÿ‡ธ Season 8 ๐Ÿ‡บ๐Ÿ‡ธ Cynthia Lee Fontaine
74%
๐Ÿ‡บ๐Ÿ‡ธ Season 7 ๐Ÿ‡บ๐Ÿ‡ธ Jasmine Masters
74%
๐Ÿ‡บ๐Ÿ‡ธ Season 17 ๐Ÿ‡บ๐Ÿ‡ธ Lydia B Kollins
74%
๐Ÿ‡บ๐Ÿ‡ธ Season 15 ๐Ÿ‡บ๐Ÿ‡ธ Marcia Marcia Marcia
74%
๐Ÿ‡บ๐Ÿ‡ธ Season 7 ๐Ÿ‡บ๐Ÿ‡ธ Miss Fame
74%
๐Ÿ‡บ๐Ÿ‡ธ Season 11 ๐Ÿ‡บ๐Ÿ‡ธ Plastique Tiara
74%
๐Ÿ‡บ๐Ÿ‡ธ Season 17 ๐Ÿ‡บ๐Ÿ‡ธ Suzie Toot
74%
๐Ÿ‡บ๐Ÿ‡ธ Season 4 ๐Ÿ‡บ๐Ÿ‡ธ Willam
74%
๐Ÿ‡บ๐Ÿ‡ธ Season 1 ๐Ÿ‡บ๐Ÿ‡ธ BeBe Zahara Benet
73%
๐Ÿ‡บ๐Ÿ‡ธ Season 9 ๐Ÿ‡บ๐Ÿ‡ธ Cynthia Lee Fontaine
73%
๐Ÿ‡บ๐Ÿ‡ธ Season 9 ๐Ÿ‡บ๐Ÿ‡ธ Eureka!
73%
๐Ÿ‡บ๐Ÿ‡ธ Season 5 ๐Ÿ‡บ๐Ÿ‡ธ Ivy Winters
73%
๐Ÿ‡บ๐Ÿ‡ธ Season 18 ๐Ÿ‡บ๐Ÿ‡ธ Juicy Love Dion
73%
๐Ÿ‡บ๐Ÿ‡ธ Season 6 ๐Ÿ‡บ๐Ÿ‡ธ Laganja Estranja
73%
๐Ÿ‡บ๐Ÿ‡ธ Season 9 ๐Ÿ‡บ๐Ÿ‡ธ Peppermint
73%
๐Ÿ‡บ๐Ÿ‡ธ Season 13 ๐Ÿ‡บ๐Ÿ‡ธ Roseฬ
73%
๐Ÿ‡บ๐Ÿ‡ธ Season 15 ๐Ÿ‡บ๐Ÿ‡ธ Sasha Colby
73%
๐Ÿ‡บ๐Ÿ‡ธ Season 9 ๐Ÿ‡บ๐Ÿ‡ธ Sasha Velour
73%
๐Ÿ‡บ๐Ÿ‡ธ Season 11 ๐Ÿ‡บ๐Ÿ‡ธ Silky Nutmeg Ganache
73%
๐Ÿ‡บ๐Ÿ‡ธ Season 9 ๐Ÿ‡บ๐Ÿ‡ธ Valentina
73%
๐Ÿ‡บ๐Ÿ‡ธ Season 8 ๐Ÿ‡บ๐Ÿ‡ธ Acid Betty
72%
๐Ÿ‡บ๐Ÿ‡ธ Season 12 ๐Ÿ‡บ๐Ÿ‡ธ Crystal Methyd
72%
๐Ÿ‡บ๐Ÿ‡ธ Season 7 ๐Ÿ‡บ๐Ÿ‡ธ Kennedy Davenport
72%
๐Ÿ‡บ๐Ÿ‡ธ Season 17 ๐Ÿ‡บ๐Ÿ‡ธ Lexi Love
72%
๐Ÿ‡บ๐Ÿ‡ธ Season 18 ๐Ÿ‡บ๐Ÿ‡ธ Mandy Mango
72%
๐Ÿ‡บ๐Ÿ‡ธ Season 16 ๐Ÿ‡บ๐Ÿ‡ธ Morphine Love Dion
72%
๐Ÿ‡บ๐Ÿ‡ธ Season 7 ๐Ÿ‡บ๐Ÿ‡ธ Mrs. Kasha Davis
72%
๐Ÿ‡บ๐Ÿ‡ธ Season 18 ๐Ÿ‡บ๐Ÿ‡ธ Myki Meeks
72%
๐Ÿ‡บ๐Ÿ‡ธ Season 18 ๐Ÿ‡บ๐Ÿ‡ธ Nini Coco
72%
๐Ÿ‡บ๐Ÿ‡ธ Season 7 ๐Ÿ‡บ๐Ÿ‡ธ Pearl
72%
๐Ÿ‡บ๐Ÿ‡ธ Season 16 ๐Ÿ‡บ๐Ÿ‡ธ Plane Jane
72%
๐Ÿ‡บ๐Ÿ‡ธ Season 2 ๐Ÿ‡บ๐Ÿ‡ธ Raven
72%
๐Ÿ‡บ๐Ÿ‡ธ Season 9 ๐Ÿ‡บ๐Ÿ‡ธ Shea Couleeฬ
72%
๐Ÿ‡บ๐Ÿ‡ธ Season 12 ๐Ÿ‡บ๐Ÿ‡ธ Sherry Pie
72%
๐Ÿ‡บ๐Ÿ‡ธ Season 15 ๐Ÿ‡บ๐Ÿ‡ธ Sugar
72%
๐Ÿ‡บ๐Ÿ‡ธ Season 7 ๐Ÿ‡บ๐Ÿ‡ธ Tempest DuJour
72%
๐Ÿ‡บ๐Ÿ‡ธ Season 6 ๐Ÿ‡บ๐Ÿ‡ธ Gia Gunn
71%
๐Ÿ‡บ๐Ÿ‡ธ Season 17 ๐Ÿ‡บ๐Ÿ‡ธ Jewels Sparkles
71%
๐Ÿ‡บ๐Ÿ‡ธ Season 17 ๐Ÿ‡บ๐Ÿ‡ธ Joella
71%
๐Ÿ‡บ๐Ÿ‡ธ Season 13 ๐Ÿ‡บ๐Ÿ‡ธ Joey Jay
71%
๐Ÿ‡บ๐Ÿ‡ธ Season 7 ๐Ÿ‡บ๐Ÿ‡ธ MAX
71%
๐Ÿ‡บ๐Ÿ‡ธ Season 10 ๐Ÿ‡บ๐Ÿ‡ธ Moneฬt X Change
71%
๐Ÿ‡บ๐Ÿ‡ธ Season 17 ๐Ÿ‡บ๐Ÿ‡ธ Onya Nurve
71%
๐Ÿ‡บ๐Ÿ‡ธ Season 3 ๐Ÿ‡บ๐Ÿ‡ธ Shangela
71%
๐Ÿ‡บ๐Ÿ‡ธ Season 4 ๐Ÿ‡บ๐Ÿ‡ธ Sharon Needles
71%
๐Ÿ‡บ๐Ÿ‡ธ Season 2 ๐Ÿ‡บ๐Ÿ‡ธ Tatianna
71%
๐Ÿ‡บ๐Ÿ‡ธ Season 8 ๐Ÿ‡บ๐Ÿ‡ธ Thorgy Thor
71%
๐Ÿ‡บ๐Ÿ‡ธ Season 18 ๐Ÿ‡บ๐Ÿ‡ธ Athena Dion
70%
๐Ÿ‡บ๐Ÿ‡ธ Season 18 ๐Ÿ‡บ๐Ÿ‡ธ Briar Blush
70%
๐Ÿ‡บ๐Ÿ‡ธ Season 4 ๐Ÿ‡บ๐Ÿ‡ธ Chad Michaels
70%
๐Ÿ‡บ๐Ÿ‡ธ Season 10 ๐Ÿ‡บ๐Ÿ‡ธ Eureka!
70%
๐Ÿ‡บ๐Ÿ‡ธ Season 9 ๐Ÿ‡บ๐Ÿ‡ธ Farrah Moan
70%
๐Ÿ‡บ๐Ÿ‡ธ Season 4 ๐Ÿ‡บ๐Ÿ‡ธ Jiggly Caliente
70%
๐Ÿ‡บ๐Ÿ‡ธ Season 18 ๐Ÿ‡บ๐Ÿ‡ธ Kenya Pleaser
70%
๐Ÿ‡บ๐Ÿ‡ธ Season 14 ๐Ÿ‡บ๐Ÿ‡ธ Kerri Colby
70%
๐Ÿ‡บ๐Ÿ‡ธ Season 17 ๐Ÿ‡บ๐Ÿ‡ธ Kori King
70%
๐Ÿ‡บ๐Ÿ‡ธ Season 9 ๐Ÿ‡บ๐Ÿ‡ธ Nina Bo'nina Brown
70%
๐Ÿ‡บ๐Ÿ‡ธ Season 16 ๐Ÿ‡บ๐Ÿ‡ธ Plasma
70%
๐Ÿ‡บ๐Ÿ‡ธ Season 1 ๐Ÿ‡บ๐Ÿ‡ธ Tammie Brown
70%
๐Ÿ‡บ๐Ÿ‡ธ Season 13 ๐Ÿ‡บ๐Ÿ‡ธ Tina Burner
70%
๐Ÿ‡บ๐Ÿ‡ธ Season 2 ๐Ÿ‡บ๐Ÿ‡ธ Tyra Sanchez
70%
๐Ÿ‡บ๐Ÿ‡ธ Season 18 ๐Ÿ‡บ๐Ÿ‡ธ Ciara Myst
69%
๐Ÿ‡บ๐Ÿ‡ธ Season 6 ๐Ÿ‡บ๐Ÿ‡ธ Courtney Act
69%
๐Ÿ‡บ๐Ÿ‡ธ Season 15 ๐Ÿ‡บ๐Ÿ‡ธ Irene the Alien
69%
๐Ÿ‡บ๐Ÿ‡ธ Season 18 ๐Ÿ‡บ๐Ÿ‡ธ Jane Don't
69%
๐Ÿ‡บ๐Ÿ‡ธ Season 13 ๐Ÿ‡บ๐Ÿ‡ธ Symone
69%
๐Ÿ‡บ๐Ÿ‡ธ Season 11 ๐Ÿ‡บ๐Ÿ‡ธ Vanessa Vanjie Mateo
69%
๐Ÿ‡บ๐Ÿ‡ธ Season 6 ๐Ÿ‡บ๐Ÿ‡ธ Adore Delano
68%
๐Ÿ‡บ๐Ÿ‡ธ Season 3 ๐Ÿ‡บ๐Ÿ‡ธ Alexis Mateo
68%
๐Ÿ‡บ๐Ÿ‡ธ Season 17 ๐Ÿ‡บ๐Ÿ‡ธ Arrietty
68%
๐Ÿ‡บ๐Ÿ‡ธ Season 8 ๐Ÿ‡บ๐Ÿ‡ธ Chi Chi DeVayne
68%
๐Ÿ‡บ๐Ÿ‡ธ Season 17 ๐Ÿ‡บ๐Ÿ‡ธ Hormona Lisa
68%
๐Ÿ‡บ๐Ÿ‡ธ Season 2 ๐Ÿ‡บ๐Ÿ‡ธ Kylie Sonique Love
68%
๐Ÿ‡บ๐Ÿ‡ธ Season 17 ๐Ÿ‡บ๐Ÿ‡ธ Lucky Starzzz
68%
๐Ÿ‡บ๐Ÿ‡ธ Season 16 ๐Ÿ‡บ๐Ÿ‡ธ Megami
68%
๐Ÿ‡บ๐Ÿ‡ธ Season 15 ๐Ÿ‡บ๐Ÿ‡ธ Mistress Isabelle Brooks
68%
๐Ÿ‡บ๐Ÿ‡ธ Season 16 ๐Ÿ‡บ๐Ÿ‡ธ Nymphia Wind
68%
๐Ÿ‡บ๐Ÿ‡ธ Season 9 ๐Ÿ‡บ๐Ÿ‡ธ Trinity The Tuck
68%
๐Ÿ‡บ๐Ÿ‡ธ Season 18 ๐Ÿ‡บ๐Ÿ‡ธ Vita VonTesse Starr
68%
๐Ÿ‡บ๐Ÿ‡ธ Season 12 ๐Ÿ‡บ๐Ÿ‡ธ Heidi N Closet
67%
๐Ÿ‡บ๐Ÿ‡ธ Season 12 ๐Ÿ‡บ๐Ÿ‡ธ Jackie Cox
67%
๐Ÿ‡บ๐Ÿ‡ธ Season 12 ๐Ÿ‡บ๐Ÿ‡ธ Jaida Essence Hall
67%
๐Ÿ‡บ๐Ÿ‡ธ Season 10 ๐Ÿ‡บ๐Ÿ‡ธ Mo Heart
67%
๐Ÿ‡บ๐Ÿ‡ธ Season 16 ๐Ÿ‡บ๐Ÿ‡ธ Q
67%
๐Ÿ‡บ๐Ÿ‡ธ Season 6 ๐Ÿ‡บ๐Ÿ‡ธ Trinity K. Bonet
67%
๐Ÿ‡บ๐Ÿ‡ธ Season 13 ๐Ÿ‡บ๐Ÿ‡ธ Utica Queen
67%
๐Ÿ‡บ๐Ÿ‡ธ Season 11 ๐Ÿ‡บ๐Ÿ‡ธ Brooke Lynn Hytes
66%
๐Ÿ‡บ๐Ÿ‡ธ Season 16 ๐Ÿ‡บ๐Ÿ‡ธ Dawn
66%
๐Ÿ‡บ๐Ÿ‡ธ Season 8 ๐Ÿ‡บ๐Ÿ‡ธ Derrick Barry
66%
๐Ÿ‡บ๐Ÿ‡ธ Season 15 ๐Ÿ‡บ๐Ÿ‡ธ Jax
66%
๐Ÿ‡บ๐Ÿ‡ธ Season 17 ๐Ÿ‡บ๐Ÿ‡ธ Lana Ja'Rae
66%
๐Ÿ‡บ๐Ÿ‡ธ Season 4 ๐Ÿ‡บ๐Ÿ‡ธ Latrice Royale
66%
๐Ÿ‡บ๐Ÿ‡ธ Season 3 ๐Ÿ‡บ๐Ÿ‡ธ Mimi Imfurst
66%
๐Ÿ‡บ๐Ÿ‡ธ Season 16 ๐Ÿ‡บ๐Ÿ‡ธ Mirage
66%
๐Ÿ‡บ๐Ÿ‡ธ Season 2 ๐Ÿ‡บ๐Ÿ‡ธ Pandora Boxx
66%
๐Ÿ‡บ๐Ÿ‡ธ Season 11 ๐Ÿ‡บ๐Ÿ‡ธ Scarlet Envy
66%
๐Ÿ‡บ๐Ÿ‡ธ Season 10 ๐Ÿ‡บ๐Ÿ‡ธ The Vixen
66%
๐Ÿ‡บ๐Ÿ‡ธ Season 16 ๐Ÿ‡บ๐Ÿ‡ธ Amanda Tori Meating
65%
๐Ÿ‡บ๐Ÿ‡ธ Season 3 ๐Ÿ‡บ๐Ÿ‡ธ Carmen Carrera
65%
๐Ÿ‡บ๐Ÿ‡ธ Season 14 ๐Ÿ‡บ๐Ÿ‡ธ Daya Betty
65%
๐Ÿ‡บ๐Ÿ‡ธ Season 6 ๐Ÿ‡บ๐Ÿ‡ธ Kelly Mantle
65%
๐Ÿ‡บ๐Ÿ‡ธ Season 15 ๐Ÿ‡บ๐Ÿ‡ธ Loosey LaDuca
65%
๐Ÿ‡บ๐Ÿ‡ธ Season 15 ๐Ÿ‡บ๐Ÿ‡ธ Luxx Noir London
65%
๐Ÿ‡บ๐Ÿ‡ธ Season 10 ๐Ÿ‡บ๐Ÿ‡ธ Vanessa Vanjie Mateo
65%
๐Ÿ‡บ๐Ÿ‡ธ Season 1 ๐Ÿ‡บ๐Ÿ‡ธ Victoria 'Porkchop' Parker
65%
๐Ÿ‡บ๐Ÿ‡ธ Season 11 ๐Ÿ‡บ๐Ÿ‡ธ Yvie Oddly
65%
๐Ÿ‡บ๐Ÿ‡ธ Season 12 ๐Ÿ‡บ๐Ÿ‡ธ Aiden Zhane
64%
๐Ÿ‡บ๐Ÿ‡ธ Season 15 ๐Ÿ‡บ๐Ÿ‡ธ Amethyst
64%
๐Ÿ‡บ๐Ÿ‡ธ Season 10 ๐Ÿ‡บ๐Ÿ‡ธ Miz Cracker
64%
๐Ÿ‡บ๐Ÿ‡ธ Season 11 ๐Ÿ‡บ๐Ÿ‡ธ Shuga Cain
64%
๐Ÿ‡บ๐Ÿ‡ธ Season 10 ๐Ÿ‡บ๐Ÿ‡ธ Aquaria
63%
๐Ÿ‡บ๐Ÿ‡ธ Season 3 ๐Ÿ‡บ๐Ÿ‡ธ Delta Work
63%
๐Ÿ‡บ๐Ÿ‡ธ Season 5 ๐Ÿ‡บ๐Ÿ‡ธ Jade Jolie
63%
๐Ÿ‡บ๐Ÿ‡ธ Season 14 ๐Ÿ‡บ๐Ÿ‡ธ Jasmine Kennedie
63%
๐Ÿ‡บ๐Ÿ‡ธ Season 1 ๐Ÿ‡บ๐Ÿ‡ธ Nina Flowers
63%
๐Ÿ‡บ๐Ÿ‡ธ Season 11 ๐Ÿ‡บ๐Ÿ‡ธ Nina West
63%
๐Ÿ‡บ๐Ÿ‡ธ Season 13 ๐Ÿ‡บ๐Ÿ‡ธ Olivia Lux
63%
๐Ÿ‡บ๐Ÿ‡ธ Season 12 ๐Ÿ‡บ๐Ÿ‡ธ Rock M. Sakura
63%
๐Ÿ‡บ๐Ÿ‡ธ Season 15 ๐Ÿ‡บ๐Ÿ‡ธ Salina EsTitties
63%
๐Ÿ‡บ๐Ÿ‡ธ Season 1 ๐Ÿ‡บ๐Ÿ‡ธ Shannel
63%
๐Ÿ‡บ๐Ÿ‡ธ Season 3 ๐Ÿ‡บ๐Ÿ‡ธ Yara Sofia
63%
๐Ÿ‡บ๐Ÿ‡ธ Season 13 ๐Ÿ‡บ๐Ÿ‡ธ Denali
62%
๐Ÿ‡บ๐Ÿ‡ธ Season 12 ๐Ÿ‡บ๐Ÿ‡ธ Jan
62%
๐Ÿ‡บ๐Ÿ‡ธ Season 13 ๐Ÿ‡บ๐Ÿ‡ธ LaLa Ri
62%
๐Ÿ‡บ๐Ÿ‡ธ Season 4 ๐Ÿ‡บ๐Ÿ‡ธ Phi Phi O'Hara
62%
๐Ÿ‡บ๐Ÿ‡ธ Season 1 ๐Ÿ‡บ๐Ÿ‡ธ Rebecca Glasscock
62%
๐Ÿ‡บ๐Ÿ‡ธ Season 2 ๐Ÿ‡บ๐Ÿ‡ธ Sahara Davenport
62%
๐Ÿ‡บ๐Ÿ‡ธ Season 6 ๐Ÿ‡บ๐Ÿ‡ธ April Carrioฬn
61%
๐Ÿ‡บ๐Ÿ‡ธ Season 16 ๐Ÿ‡บ๐Ÿ‡ธ Geneva Karr
61%
๐Ÿ‡บ๐Ÿ‡ธ Season 10 ๐Ÿ‡บ๐Ÿ‡ธ Kameron Michaels
61%
๐Ÿ‡บ๐Ÿ‡ธ Season 14 ๐Ÿ‡บ๐Ÿ‡ธ Lady Camden
61%
๐Ÿ‡บ๐Ÿ‡ธ Season 5 ๐Ÿ‡บ๐Ÿ‡ธ Serena ChaCha
61%
๐Ÿ‡บ๐Ÿ‡ธ Season 2 ๐Ÿ‡บ๐Ÿ‡ธ Shangela
61%
๐Ÿ‡บ๐Ÿ‡ธ Season 17 ๐Ÿ‡บ๐Ÿ‡ธ Acacia Forgot
60%
๐Ÿ‡บ๐Ÿ‡ธ Season 11 ๐Ÿ‡บ๐Ÿ‡ธ A'keria C. Davenport
60%
๐Ÿ‡บ๐Ÿ‡ธ Season 9 ๐Ÿ‡บ๐Ÿ‡ธ Alexis Michelle
60%
๐Ÿ‡บ๐Ÿ‡ธ Season 17 ๐Ÿ‡บ๐Ÿ‡ธ Crystal Envy
60%
๐Ÿ‡บ๐Ÿ‡ธ Season 6 ๐Ÿ‡บ๐Ÿ‡ธ Joslyn Fox
60%
๐Ÿ‡บ๐Ÿ‡ธ Season 13 ๐Ÿ‡บ๐Ÿ‡ธ Kahmora Hall
60%
๐Ÿ‡บ๐Ÿ‡ธ Season 2 ๐Ÿ‡บ๐Ÿ‡ธ Mystique Summers
60%
๐Ÿ‡บ๐Ÿ‡ธ Season 12 ๐Ÿ‡บ๐Ÿ‡ธ Nicky Doll
60%
๐Ÿ‡บ๐Ÿ‡ธ Season 3 ๐Ÿ‡บ๐Ÿ‡ธ Phoenix
60%
๐Ÿ‡บ๐Ÿ‡ธ Season 8 ๐Ÿ‡บ๐Ÿ‡ธ Robbie Turner
60%
๐Ÿ‡บ๐Ÿ‡ธ Season 4 ๐Ÿ‡บ๐Ÿ‡ธ The Princess
60%
๐Ÿ‡บ๐Ÿ‡ธ Season 16 ๐Ÿ‡บ๐Ÿ‡ธ Xunami Muse
60%
๐Ÿ‡บ๐Ÿ‡ธ Season 14 ๐Ÿ‡บ๐Ÿ‡ธ Angeria Paris VanMichaels
59%
๐Ÿ‡บ๐Ÿ‡ธ Season 8 ๐Ÿ‡บ๐Ÿ‡ธ Dax ExclamationPoint
59%
๐Ÿ‡บ๐Ÿ‡ธ Season 6 ๐Ÿ‡บ๐Ÿ‡ธ Milk
59%
๐Ÿ‡บ๐Ÿ‡ธ Season 10 ๐Ÿ‡บ๐Ÿ‡ธ Blair St. Clair
58%
๐Ÿ‡บ๐Ÿ‡ธ Season 12 ๐Ÿ‡บ๐Ÿ‡ธ Brita
58%
๐Ÿ‡บ๐Ÿ‡ธ Season 5 ๐Ÿ‡บ๐Ÿ‡ธ Honey Mahogany
58%
๐Ÿ‡บ๐Ÿ‡ธ Season 9 ๐Ÿ‡บ๐Ÿ‡ธ Jaymes Mansfield
58%
๐Ÿ‡บ๐Ÿ‡ธ Season 7 ๐Ÿ‡บ๐Ÿ‡ธ Kandy Ho
58%
๐Ÿ‡บ๐Ÿ‡ธ Season 11 ๐Ÿ‡บ๐Ÿ‡ธ Ra'Jah O'Hara
58%
๐Ÿ‡บ๐Ÿ‡ธ Season 11 ๐Ÿ‡บ๐Ÿ‡ธ Soju
58%
๐Ÿ‡บ๐Ÿ‡ธ Season 14 ๐Ÿ‡บ๐Ÿ‡ธ DeJa Skye
57%
๐Ÿ‡บ๐Ÿ‡ธ Season 4 ๐Ÿ‡บ๐Ÿ‡ธ DiDa Ritz
57%
๐Ÿ‡บ๐Ÿ‡ธ Season 2 ๐Ÿ‡บ๐Ÿ‡ธ Jessica Wild
57%
๐Ÿ‡บ๐Ÿ‡ธ Season 15 ๐Ÿ‡บ๐Ÿ‡ธ Robin Fierce
57%
๐Ÿ‡บ๐Ÿ‡ธ Season 16 ๐Ÿ‡บ๐Ÿ‡ธ Sapphira Cristaฬl
57%
๐Ÿ‡บ๐Ÿ‡ธ Season 10 ๐Ÿ‡บ๐Ÿ‡ธ Asia O'Hara
56%
๐Ÿ‡บ๐Ÿ‡ธ Season 15 ๐Ÿ‡บ๐Ÿ‡ธ Aura Mayari
56%
๐Ÿ‡บ๐Ÿ‡ธ Season 12 ๐Ÿ‡บ๐Ÿ‡ธ Dahlia Sin
56%
๐Ÿ‡บ๐Ÿ‡ธ Season 14 ๐Ÿ‡บ๐Ÿ‡ธ June Jambalaya
56%
๐Ÿ‡บ๐Ÿ‡ธ Season 3 ๐Ÿ‡บ๐Ÿ‡ธ Mariah Paris Balenciaga
56%
๐Ÿ‡บ๐Ÿ‡ธ Season 10 ๐Ÿ‡บ๐Ÿ‡ธ Mayhem Miller
56%
๐Ÿ‡บ๐Ÿ‡ธ Season 5 ๐Ÿ‡บ๐Ÿ‡ธ Monica Beverly Hillz
56%
๐Ÿ‡บ๐Ÿ‡ธ Season 13 ๐Ÿ‡บ๐Ÿ‡ธ Elliott with 2 Ts
55%
๐Ÿ‡บ๐Ÿ‡ธ Season 9 ๐Ÿ‡บ๐Ÿ‡ธ Kimora Blac
55%
๐Ÿ‡บ๐Ÿ‡ธ Season 11 ๐Ÿ‡บ๐Ÿ‡ธ Mercedes Iman Diamond
55%
๐Ÿ‡บ๐Ÿ‡ธ Season 14 ๐Ÿ‡บ๐Ÿ‡ธ Orion Story
55%
๐Ÿ‡บ๐Ÿ‡ธ Season 4 ๐Ÿ‡บ๐Ÿ‡ธ Kenya Michaels
54%
๐Ÿ‡บ๐Ÿ‡ธ Season 16 ๐Ÿ‡บ๐Ÿ‡ธ Mhi'ya Iman Le'Paige
54%
๐Ÿ‡บ๐Ÿ‡ธ Season 15 ๐Ÿ‡บ๐Ÿ‡ธ Princess Poppy
54%
๐Ÿ‡บ๐Ÿ‡ธ Season 5 ๐Ÿ‡บ๐Ÿ‡ธ Vivienne Pinay
54%
๐Ÿ‡บ๐Ÿ‡ธ Season 10 ๐Ÿ‡บ๐Ÿ‡ธ Dusty Ray Bottoms
53%
๐Ÿ‡บ๐Ÿ‡ธ Season 15 ๐Ÿ‡บ๐Ÿ‡ธ Malaysia Babydoll Foxx
53%
๐Ÿ‡บ๐Ÿ‡ธ Season 8 ๐Ÿ‡บ๐Ÿ‡ธ Naysha Lopez
53%
๐Ÿ‡บ๐Ÿ‡ธ Season 5 ๐Ÿ‡บ๐Ÿ‡ธ Penny Tration
53%
๐Ÿ‡บ๐Ÿ‡ธ Season 9 ๐Ÿ‡บ๐Ÿ‡ธ Charlie Hides
52%
๐Ÿ‡บ๐Ÿ‡ธ Season 3 ๐Ÿ‡บ๐Ÿ‡ธ India Ferrah
52%
๐Ÿ‡บ๐Ÿ‡ธ Season 1 ๐Ÿ‡บ๐Ÿ‡ธ Jade
52%
๐Ÿ‡บ๐Ÿ‡ธ Season 7 ๐Ÿ‡บ๐Ÿ‡ธ Jaidynn Diore Fierce
52%
๐Ÿ‡บ๐Ÿ‡ธ Season 10 ๐Ÿ‡บ๐Ÿ‡ธ Kalorie Karbdashian-Williams
52%
๐Ÿ‡บ๐Ÿ‡ธ Season 13 ๐Ÿ‡บ๐Ÿ‡ธ Tamisha Iman
52%
๐Ÿ‡บ๐Ÿ‡ธ Season 11 ๐Ÿ‡บ๐Ÿ‡ธ Kahanna Montrese
51%
๐Ÿ‡บ๐Ÿ‡ธ Season 14 ๐Ÿ‡บ๐Ÿ‡ธ Alyssa Hunter
50%
๐Ÿ‡บ๐Ÿ‡ธ Season 8 ๐Ÿ‡บ๐Ÿ‡ธ Laila McQueen
50%
๐Ÿ‡บ๐Ÿ‡ธ Season 4 ๐Ÿ‡บ๐Ÿ‡ธ Milan
50%
๐Ÿ‡บ๐Ÿ‡ธ Season 12 ๐Ÿ‡บ๐Ÿ‡ธ Widow Von'Du
50%
๐Ÿ‡บ๐Ÿ‡ธ Season 14 ๐Ÿ‡บ๐Ÿ‡ธ Kornbread 'The Snack' Jeteฬ
49%
๐Ÿ‡บ๐Ÿ‡ธ Season 7 ๐Ÿ‡บ๐Ÿ‡ธ Sasha Belle
49%
๐Ÿ‡บ๐Ÿ‡ธ Season 10 ๐Ÿ‡บ๐Ÿ‡ธ Yuhua
49%
๐Ÿ‡บ๐Ÿ‡ธ Season 4 ๐Ÿ‡บ๐Ÿ‡ธ Madame LaQueer
48%
๐Ÿ‡บ๐Ÿ‡ธ Season 6 ๐Ÿ‡บ๐Ÿ‡ธ Magnolia Crawford
48%
๐Ÿ‡บ๐Ÿ‡ธ Season 1 ๐Ÿ‡บ๐Ÿ‡ธ Akashia
47%
๐Ÿ‡บ๐Ÿ‡ธ Season 3 ๐Ÿ‡บ๐Ÿ‡ธ Stacy Layne Matthews
47%
๐Ÿ‡บ๐Ÿ‡ธ Season 11 ๐Ÿ‡บ๐Ÿ‡ธ Honey Davenport
45%
๐Ÿ‡บ๐Ÿ‡ธ Season 4 ๐Ÿ‡บ๐Ÿ‡ธ Lashauwn Beyond
45%
๐Ÿ‡บ๐Ÿ‡ธ Season 4 ๐Ÿ‡บ๐Ÿ‡ธ Alisa Summers
44%
๐Ÿ‡บ๐Ÿ‡ธ Season 16 ๐Ÿ‡บ๐Ÿ‡ธ Hershii LiqCour-Jeteฬ
43%
๐Ÿ‡บ๐Ÿ‡ธ Season 11 ๐Ÿ‡บ๐Ÿ‡ธ Ariel Versace
42%
๐Ÿ‡บ๐Ÿ‡ธ Season 3 ๐Ÿ‡บ๐Ÿ‡ธ Venus D-Lite
39%
๐Ÿ‡บ๐Ÿ‡ธ Season 5 ๐Ÿ‡บ๐Ÿ‡ธ Lineysha Sparx
33%
No matching quizzes found
Score Distribution
Percent of People with Each Score
Percentile by Number Answered
Your Score History
You have not taken this quiz since the last reset